[Event "DVM U16 2019"]
[Site "Magedburg"]
[Date "2019.12.30"]
[Round "7"]
[White "Nguyen, Alex Dac-Vuong"]
[Black "Köllner, Ruben Gideon"]
[Result "0-1"]
[WhiteElo "2409"]
[BlackElo "2330"]
[Annotator "NA"]
[PlyCount "136"]
[EventDate "2019.12.27"]
[EventType "team-tourn"]
[EventRounds "7"]
[EventCountry "GER"]
[SourceTitle "playchess.com"]
[Source "ChessBase"]
[SourceQuality "1"]
[WhiteTeam "SG Leipzig"]
[BlackTeam "SG Bochum"]
[WhiteTeamCountry "GER"]
[TimeControl "40/5400+30:1800+30"]

1. e4 {[%emt 0:00:00]} d6 {[%emt 0:00:00]} 2. d4 {[%emt 0:00:00]} Nf6 {[%emt 0:00:00]} 3. Nc3 {[%emt 0:00:00]} e5 {[%emt 0:00:00]} 4. Nf3 {[%emt 0:00:00]} Nbd7 {[%emt 0:00:00]} 5. Bc4 {[%emt 0:00:18]} Be7 {[%emt 0:00:00]} 6. a4 {[%emt 0:03:47] unterminated} O-O {[%emt 0:02:52] unterminated} 7. O-O {[%emt 0:01:14]} c6 {[%emt 0:01:11] unterminated} 8. Qe2 {[%emt 0:04:49] unterminated} exd4 {[%emt 0:09:12]} 9. Nxd4 {[%emt 0:00:06] unterminated} Ne5 {[%emt 0:00:03] unterminated unterminated. C41: Philidor Defence} 10. Rd1 {[%emt 0:10:15] unterminated} Nxc4 $146 {[%emt 0:19:21]} ({Predecessor:} 10... Re8 11. h3 Bf8 12. Bb3 a5 13. Nf3 Qc7 14. Nxe5 dxe5 15. Bg5 Be7 16. Rd3 h6 17. Bh4 {1-0 (34) Ricardi,P (2545)-Hoffman,A (2525) Villa Martelli 1998}) 11. Qxc4 {[%emt 0:00:05] unterminated} Qa5 {[%emt 0:01:45] unterminated} 12. Bf4 {[%emt 0:04:13] unterminated} Rd8 {[%emt 0:03:20] unterminated} 13. Qe2 {[%emt 0:13:41] unterminated} Bf8 {[%emt 0:16:58] unterminated} 14. Nb3 {[%emt 0:01:33] unterminated} Qh5 {[%emt 0:04:54] unterminated} 15. Qxh5 {[%emt 0:01:08]} Nxh5 {[%emt 0:00:02]} 16. Be3 {[%emt 0:00:13] unterminated} f5 {[%emt 0:06:40] unterminated} 17. e5 {[%emt 0:16:18] unterminated} f4 {[%emt 0:03:23]} 18. Bc5 {[%emt 0:00:09] unterminated} Bf5 {[%emt 0:02:35] unterminated} 19. Rxd6 $1 {[%emt 0:03:25] unterminated} Bxd6 {[%emt 0:04:40]} 20. Bxd6 {[%emt 0:00:10] unterminated} g6 {[%emt 0:03:51] unterminated} 21. Nd4 {[%emt 0:02:47]} Ng7 {[%emt 0:01:40] unterminated} 22. Nce2 {[%emt 0:01:50] unterminated} Ne8 {[%emt 0:01:59] unterminated} 23. Nxf5 {[%emt 0:05:36]} gxf5 {[%emt 0:00:07]} 24. Bb4 $1 {[%emt 0:00:08] unterminated} f3 {[%emt 0:03:51]} 25. gxf3 {[%emt 0:00:08] unterminated} Ng7 {[%emt 0:00:21] unterminated} 26. Bc3 {[%emt 0:15:33] unterminated} Kf7 {[%emt 0:01:49] unterminated} 27. f4 {[%emt 0:03:01] unterminated} Ne6 {[%emt 0:01:11] unterminated} 28. f3 {[%emt 0:01:14] unterminated} Rd5 {[%emt 0:05:21]} 29. Kf2 {[%emt 0:00:42] unterminated} Rad8 {[%emt 0:01:57] unterminated} 30. Rg1 {[%emt 0:05:31] unterminated} Rg8 {[%emt 0:01:37]} 31. Rxg8 {[%emt 0:00:21]} Kxg8 {[%emt 0:00:05]} 32. Ng3 {[%emt 0:00:12]} Ng7 {[%emt 0:00:27]} 33. Ke2 {[%emt 0:00:11]} Kf7 {[%emt 0:00:16] unterminated} 34. b3 {[%emt 0:01:43] unterminated} Kg6 {[%emt 0:00:12]} 35. Bd2 {[%emt 0:03:02]} Ne6 {[%emt 0:01:00] unterminated} 36. Be3 {[%emt 0:02:14] unterminated} b6 {[%emt 0:01:16]} (36... b5 $19 37. axb5 cxb5) 37. c3 {[%emt 0:01:00]} c5 {[%emt 0:00:34]} 38. Nh1 {[%emt 0:00:47]} c4 {[%emt 0:01:33]} 39. b4 {[%emt 0:00:08]} Rd3 {[%emt 0:00:35]} 40. Bd2 {[%emt 0:00:03]} a5 {[%emt 0:00:39]} 41. Nf2 {[%emt 0:30:08] unterminated} Rd5 $19 {[%emt 0:04:51]} 42. bxa5 {[%emt 0:00:00]} Rxa5 {[%emt 0:01:02]} 43. Nd1 {[%emt 0:00:00]} Nc7 {[%emt 0:18:03]} 44. Nb2 {[%emt 0:00:00]} Rc5 {[%emt 0:00:04]} 45. Kf2 {[%emt 0:00:00]} Nd5 {[%emt 0:01:38]} 46. Kg3 {[%emt 0:00:00]} b5 {[%emt 0:02:52]} 47. axb5 {[%emt 0:00:00]} Nb6 {[%emt 0:00:07]} 48. Be3 {[%emt 0:00:00]} Rxb5 {[%emt 0:00:05]} 49. Bxb6 {[%emt 0:00:00]} Rxb2 {[%emt 0:00:05]} 50. Bc5 {[%emt 0:00:00]} Rd2 {[%emt 0:01:23]} 51. e6 {[%emt 0:00:00]} Kf6 {[%emt 0:02:34]} 52. e7 {[%emt 0:00:00]} Kf7 {[%emt 0:00:04]} 53. Ba3 {[%emt 0:01:12]} Rc2 {[%emt 0:00:33]} 54. Bb4 {[%emt 0:00:24]} Rb2 {[%emt 0:00:08]} 55. Bc5 {[%emt 0:01:45]} Rb3 {[%emt 0:00:06]} 56. Bd4 {[%emt 0:00:12]} Kxe7 {[%emt 0:00:03]} 57. Kh4 {[%emt 0:01:15]} Rb2 {[%emt 0:01:21]} 58. Kg5 {[%emt 0:00:05]} Rxh2 {[%emt 0:01:10]} 59. Kxf5 {[%emt 0:00:03]} Rg2 {[%emt 0:00:30]} 60. Bf6+ {[%emt 0:00:55]} Kf7 {[%emt 0:00:07]} 61. Bg5 {[%emt 0:00:24]} Rc2 {[%emt 0:01:10]} 62. Bf6 {[%emt 0:01:34]} h5 {[%emt 0:00:29]} 63. Be5 {[%emt 0:01:44]} Rg2 {[%emt 0:00:04]} 64. Ke4 {[%emt 0:00:03]} h4 {[%emt 0:00:42]} 65. Kd5 {[%emt 0:00:57]} h3 {[%emt 0:00:25]} 66. f5 {[%emt 0:00:03]} h2 {[%emt 0:00:05]} 67. Bxh2 {[%emt 0:00:03]} Rxh2 {[%emt 0:00:04]} 68. Kxc4 {[%emt 0:00:03]} Rh5 {[%emt 0:00:36] normal} 0-1

[Event "DVM U16 2019"]
[Site "Magedburg"]
[Date "2019.12.30"]
[Round "7"]
[White "Woelk, Tom-Frederic"]
[Black "Bethke, Richard"]
[Result "1/2-1/2"]
[WhiteElo "2245"]
[BlackElo "2332"]
[Annotator "ChessBase"]
[PlyCount "156"]
[EventDate "2019.12.27"]
[EventType "team-tourn"]
[EventRounds "7"]
[EventCountry "GER"]
[SourceTitle "playchess.com"]
[Source "ChessBase"]
[SourceQuality "1"]
[WhiteTeam "Hamburger SK"]
[BlackTeam "SF Neuberg"]
[WhiteTeamCountry "GER"]
[BlackTeamCountry "GER"]
[TimeControl "40/5400+30:1800+30"]

1. d4 {[%emt 0:00:00]} d5 {[%emt 0:00:00]} 2. c4 {[%emt 0:00:00]} e6 {[%emt 0:00:00]} 3. Nc3 {[%emt 0:00:00]} Nf6 {[%emt 0:00:00]} 4. cxd5 {[%emt 0:00:00]} exd5 {[%emt 0:00:00]} 5. Bg5 {[%emt 0:00:00]} c6 {[%emt 0:00:12]} 6. e3 {[%emt 0:00:04]} Be7 {[%emt 0:00:04]} 7. Bd3 {[%emt 0:00:14]} Nbd7 {[%emt 0:00:06]} 8. Nge2 {[%emt 0:02:16]} h6 {[%emt 0:00:52]} 9. Bh4 {[%emt 0:00:03]} Nh5 {[%emt 0:00:04]} 10. Bxe7 {[%emt 0:05:02]} Qxe7 {[%emt 0:00:07]} 11. Qc2 {[%emt 0:02:14]} Nb6 {[%emt 0:00:39]} 12. O-O {[%emt 0:03:25]} O-O {[%emt 0:00:50]} 13. Rab1 {[%emt 0:00:26]} a5 {[%emt 0:01:47]} 14. Na4 {[%emt 0:01:46]} Nxa4 {[%emt 0:00:28]} 15. Qxa4 {[%emt 0:00:02]} Bg4 {[%emt 0:02:14]} 16. Rfe1 {[%emt 0:16:36]} Qg5 {[%emt 0:02:18]} 17. Ng3 {[%emt 0:08:07]} Nxg3 {[%emt 0:00:31]} 18. hxg3 {[%emt 0:00:05]} Bf5 {[%emt 0:00:13]} 19. Qc2 {[%emt 0:01:05]} Bxd3 {[%emt 0:00:24]} 20. Qxd3 {[%emt 0:00:03]} Rfe8 {[%emt 0:00:41]} 21. Re2 {[%emt 0:03:10]} Re4 {[%emt 0:03:36]} 22. f3 {[%emt 0:24:21]} Re6 {[%emt 0:00:49]} 23. Kf2 {[%emt 0:00:19]} Rg6 {[%emt 0:00:47]} 24. g4 {[%emt 0:00:04]} h5 {[%emt 0:00:29]} 25. Qf5 {[%emt 0:01:13]} Qh4+ {[%emt 0:00:49]} 26. Kg1 {[%emt 0:02:03]} hxg4 {[%emt 0:00:51]} 27. fxg4 {[%emt 0:00:06]} Qxg4 {[%emt 0:01:21]} 28. Qxg4 {[%emt 0:00:09]} Rxg4 {[%emt 0:00:05]} 29. b4 {[%emt 0:00:17]} axb4 {[%emt 0:00:34]} 30. Rxb4 {[%emt 0:00:01]} b5 {[%emt 0:00:10]} 31. Rc2 {[%emt 0:00:30]} Rg6 {[%emt 0:00:05]} 32. a4 {[%emt 0:00:58]} bxa4 {[%emt 0:02:12]} 33. Ra2 {[%emt 0:00:29]} Re8 {[%emt 0:00:06]} 34. Ra3 {[%emt 0:01:45]} Re4 {[%emt 0:00:33]} 35. Rbxa4 {[%emt 0:00:19]} Rg3 {[%emt 0:00:13]} 36. Ra6 {[%emt 0:03:00]} Rexe3 {[%emt 0:04:11]} 37. Rxe3 {[%emt 0:00:06]} Rxe3 {[%emt 0:00:05]} 38. Rxc6 {[%emt 0:00:04]} Rd3 {[%emt 0:00:28]} 39. Kf2 {[%emt 0:00:57]} Rxd4 {[%emt 0:00:06]} 40. Ke3 {[%emt 0:00:18]} Re4+ {[%emt 0:00:37]} 41. Kf3 {[%emt 0:30:07]} Re6 {[%emt 0:31:04]} 42. Rc8+ {[%emt 0:00:02]} Kh7 {[%emt 0:00:07]} 43. Rd8 {[%emt 0:00:02]} Re5 {[%emt 0:00:05]} 44. Kf4 {[%emt 0:00:05]} f6 {[%emt 0:00:11]} 45. g3 {[%emt 0:00:16]} Kg6 {[%emt 0:01:00]} 46. Rd7 {[%emt 0:00:09]} Kh6 {[%emt 0:02:58]} 47. Kg4 {[%emt 0:00:33]} g5 {[%emt 0:01:35]} 48. Kf3 {[%emt 0:02:02]} Rf5+ {[%emt 0:02:39]} 49. Kg4 {[%emt 0:01:06]} Kg6 {[%emt 0:00:16]} 50. Kh3 {[%emt 0:00:56]} Re5 {[%emt 0:00:43]} 51. g4 {[%emt 0:00:41]} Re3+ {[%emt 0:00:04]} 52. Kg2 {[%emt 0:00:04]} Re4 {[%emt 0:00:04]} 53. Kg3 {[%emt 0:00:21]} d4 {[%emt 0:00:06]} 54. Kf3 {[%emt 0:00:35]} Rf4+ {[%emt 0:00:55]} 55. Kg3 {[%emt 0:00:07]} f5 {[%emt 0:02:39]} 56. Rd6+ {[%emt 0:00:11]} Kf7 {[%emt 0:00:06]} 57. gxf5 {[%emt 0:00:08]} Ke7 {[%emt 0:00:22]} 58. Rd5 {[%emt 0:02:10]} Kf6 {[%emt 0:00:09]} 59. Kg2 {[%emt 0:05:06]} Re4 {[%emt 0:05:18]} 60. Kf3 {[%emt 0:03:17]} Re3+ {[%emt 0:00:45]} 61. Kf2 {[%emt 0:01:22]} Rd3 {[%emt 0:00:04]} 62. Ke2 {[%emt 0:00:08]} Re3+ {[%emt 0:00:20]} 63. Kf2 {[%emt 0:00:07]} Re4 {[%emt 0:01:35]} 64. Kf3 {[%emt 0:00:05]} Rf4+ {[%emt 0:00:04]} 65. Kg2 {[%emt 0:00:43]} g4 {[%emt 0:00:22]} 66. Kg3 {[%emt 0:00:10]} Re4 {[%emt 0:00:04]} 67. Kh4 {[%emt 0:00:45]} Kf7 {[%emt 0:00:04]} 68. Kg3 {[%emt 0:08:57]} Ke7 {[%emt 0:00:05]} 69. Kh4 {[%emt 0:00:05]} Kf6 {[%emt 0:00:13]} 70. Ra5 {[%emt 0:00:03]} Ke7 {[%emt 0:05:13]} 71. Rd5 {[%emt 0:01:22]} Ke8 {[%emt 0:01:05]} 72. Kg3 {[%emt 0:01:02]} Kf8 {[%emt 0:00:04]} 73. Kh4 {[%emt 0:00:22]} Ke7 {[%emt 0:00:07]} 74. Kg3 {[%emt 0:00:11]} Kf7 {[%emt 0:00:09]} 75. Kh4 {[%emt 0:00:09]} Kf6 {[%emt 0:00:03]} 76. Ra5 {[%emt 0:00:07]} Re5 {[%emt 0:00:26]} 77. Rxe5 {[%emt 0:00:14]} Kxe5 {[%emt 0:00:04]} 78. Kxg4 {[%emt 0:00:05]} d3 {[%emt 0:00:51] normal} 1/2-1/2

[Event "DVM U16 2019"]
[Site "Magedburg"]
[Date "2019.12.30"]
[Round "7"]
[White "Dietz, Florian"]
[Black "Rietschel, Tilo"]
[Result "1/2-1/2"]
[WhiteElo "2116"]
[BlackElo "2005"]
[Annotator "NA"]
[PlyCount "120"]
[EventDate "2019.12.27"]
[EventType "team-tourn"]
[EventRounds "7"]
[EventCountry "GER"]
[SourceTitle "playchess.com"]
[Source "ChessBase"]
[SourceQuality "1"]
[WhiteTeam "Reideburger SV 90 Halle"]
[BlackTeam "Lübecker SV"]
[WhiteTeamCountry "GER"]
[BlackTeamCountry "GER"]
[TimeControl "40/5400+30:1800+30"]

1. e4 {[%emt 0:00:00]} c5 {[%emt 0:00:00]} 2. Nf3 {[%emt 0:00:00]} d6 {[%emt 0:00:00]} 3. d4 {[%emt 0:00:00]} cxd4 {[%emt 0:00:00]} 4. Nxd4 {[%emt 0:00:00]} Nf6 {[%emt 0:00:00]} 5. Nc3 {[%emt 0:00:00]} g6 {[%emt 0:00:00]} 6. Be3 {[%emt 0:00:15]} Bg7 {[%emt 0:00:05]} 7. f3 {[%emt 0:00:46]} O-O {[%emt 0:00:07]} 8. Bc4 {[%emt 0:00:17]} Nc6 {[%emt 0:00:56]} 9. Qd2 {[%emt 0:00:18] unterminated} Bd7 {[%emt 0:03:53]} 10. O-O-O {[%emt 0:00:22]} Rc8 {[%emt 0:06:04]} 11. Bb3 {[%emt 0:01:11]} Ne5 {[%emt 0:00:06]} 12. Kb1 {[%emt 0:00:27] unterminated} Nc4 {[%emt 0:04:02]} 13. Bxc4 $1 {[%emt 0:00:19]} Rxc4 {[%emt 0:00:07] unterminated} 14. g4 {[%emt 0:03:21] unterminated} Qb8 {[%emt 0:07:29] unterminated} 15. h4 {[%emt 0:12:36] unterminated} b5 {[%emt 0:06:14] unterminated} 16. h5 {[%emt 0:05:24] unterminated} b4 {[%emt 0:02:59] unterminated} 17. Nd5 {[%emt 0:01:27] unterminated} Nxd5 {[%emt 0:05:20] unterminated} 18. exd5 {[%emt 0:00:12] unterminated} g5 {[%emt 0:13:51] unterminated} 19. h6 {[%emt 0:05:45] unterminated} Be5 {[%emt 0:10:34] unterminated} 20. Nb3 {[%emt 0:05:09] unterminated} f6 {[%emt 0:03:33] unterminated} 21. Na5 {[%emt 0:04:19] unterminated} Rc5 $2 {[%emt 0:08:27] unterminated} (21... Rcc8 $15 {keeps the upper hand.}) 22. Bxc5 {[%emt 0:04:44]} dxc5 {[%emt 0:00:07]} 23. Nc6 {[%emt 0:01:08] unterminated} Bxc6 {[%emt 0:01:18] unterminated} 24. dxc6 {[%emt 0:00:04]} Qd6 {[%emt 0:00:42] unterminated} 25. Qd5+ {[%emt 0:07:36] unterminated} Qxd5 {[%emt 0:02:36]} 26. Rxd5 {[%emt 0:00:04]} Bd6 {[%emt 0:01:10] unterminated} 27. Rhd1 {[%emt 0:04:20] unterminated} Rc8 {[%emt 0:02:41]} 28. Rxd6 {[%emt 0:00:32]} exd6 {[%emt 0:00:08]} 29. Rxd6 {[%emt 0:00:05]} Kf7 {[%emt 0:00:44] unterminated} 30. Kc1 $2 {[%emt 0:00:45]} (30. Rd7+ $18 {is more deadly.} Kg6 31. c7 (31. Rxa7 Rxc6 32. a4 bxa3 $16)) 30... Rc7 {[%emt 0:00:23] unterminated} 31. Kd2 {[%emt 0:18:10] unterminated} Ke7 {[%emt 0:01:34]} 32. Rd5 {[%emt 0:00:30] unterminated} Rxc6 {[%emt 0:02:38] [#]} 33. Kd3 $1 {[%emt 0:00:17] unterminated} c4+ {[%emt 0:01:53] unterminated} 34. Kd4 {[%emt 0:00:17]} c3 $16 {[%emt 0:00:16]} 35. bxc3 {[%emt 0:09:57]} Rxc3 {[%emt 0:04:09]} 36. Ra5 {[%emt 0:00:39]} Kf7 {[%emt 0:01:52]} 37. Rxa7+ {[%emt 0:05:22]} Kg6 {[%emt 0:00:12]} 38. Ke4 {[%emt 0:05:17]} Rxc2 {[%emt 0:01:27]} 39. Ra6 {[%emt 0:01:05]} Rc4+ {[%emt 0:02:06]} 40. Ke3 {[%emt 0:01:54]} Rf4 {[%emt 0:01:48]} 41. Rd6 {[%emt 0:30:44]} Rc4 {[%emt 0:38:21]} 42. Rd4 {[%emt 0:00:00]} Rc3+ {[%emt 0:00:00]} 43. Ke4 {[%emt 0:00:00]} Rc2 {[%emt 0:00:00]} 44. Rxb4 {[%emt 0:00:00]} Rxa2 {[%emt 0:00:00]} 45. f4 {[%emt 0:00:00]} gxf4 {[%emt 0:00:00]} 46. Kxf4 {[%emt 0:00:00]} Rf2+ {[%emt 0:00:00]} 47. Kg3 {[%emt 0:00:00]} Rf1 {[%emt 0:00:00]} 48. Rb8 {[%emt 0:00:00]} Ra1 {[%emt 0:00:00]} 49. Rb6 {[%emt 0:02:53]} Kg5 {[%emt 0:00:00]} 50. Rb5+ {[%emt 0:02:40]} Kxh6 {[%emt 0:00:00]} 51. Rh5+ {[%emt 0:00:14]} Kg6 {[%emt 0:00:00]} 52. Kf4 {[%emt 0:00:39]} Ra4+ {[%emt 0:00:00]} 53. Kf3 {[%emt 0:00:16]} Ra1 {[%emt 0:00:00]} 54. Kf4 {[%emt 0:00:31]} Re1 {[%emt 0:00:00]} 55. Kf3 {[%emt 0:00:39]} Re5 {[%emt 0:00:42]} 56. Rh1 {[%emt 0:00:13] normal} Ra5 {[%emt 0:04:43]} 57. Kf4 {[%emt 0:00:46]} Ra3 {[%emt 0:01:14] normal} 58. Rh5 {[%emt 0:00:49]} Ra1 {[%emt 0:00:19]} 59. Kf3 Ra3+ {[%emt 0:01:35] normal} 60. Kf4 {[%emt 0:00:15]} Ra4+ {[%emt 0:00:13] normal Ke4} 1/2-1/2

[Event "DVM U16 2019"]
[Site "Magedburg"]
[Date "2019.12.30"]
[Round "7"]
[White "Bosselmann, Tom Linus"]
[Black "Post, Hugo"]
[Result "0-1"]
[WhiteElo "2077"]
[BlackElo "2181"]
[Annotator "NA"]
[PlyCount "96"]
[EventDate "2019.12.27"]
[EventType "team-tourn"]
[EventRounds "7"]
[EventCountry "GER"]
[SourceTitle "playchess.com"]
[Source "ChessBase"]
[SourceQuality "1"]
[WhiteTeam "Lübecker SV"]
[BlackTeam "Reideburger SV 90 Halle"]
[WhiteTeamCountry "GER"]
[BlackTeamCountry "GER"]
[TimeControl "40/5400+30:1800+30"]

1. e4 {[%emt 0:00:00]} c5 {[%emt 0:00:00]} 2. Nf3 {[%emt 0:00:00]} d6 {[%emt 0:00:00]} 3. d4 {[%emt 0:00:00]} cxd4 {[%emt 0:00:04]} 4. Nxd4 {[%emt 0:00:00]} Nf6 {[%emt 0:00:09]} 5. Nc3 {[%emt 0:00:00]} e6 {[%emt 0:01:21]} 6. Be3 {[%emt 0:02:59]} a6 {[%emt 0:00:32]} 7. f3 {[%emt 0:02:28]} b5 {[%emt 0:01:06] unterminated} 8. Qd2 {[%emt 0:05:20]} Nbd7 {[%emt 0:01:22] unterminated} 9. g4 {[%emt 0:03:45] unterminated} h6 {[%emt 0:00:30]} 10. O-O-O {[%emt 0:01:50] unterminated} b4 {[%emt 0:00:56] B80: Sicilian Scheveningen: 6 g3 and 6 Be3, including English Attack} 11. Nce2 {[%emt 0:04:17] unterminated} (11. Na4 Ne5 12. Kb1 Bd7 13. b3 Bxa4 14. bxa4 Qc7 15. Be2 Be7 16. h4 Nc4 17. Bxc4 Qxc4 18. Qd3 {1-0 (49) Caruana,F (2802)-Hou,Y (2652) chess.com INT 2017}) 11... Qc7 {[%emt 0:01:50] unterminated} 12. Kb1 {[%emt 0:04:34] unterminated} d5 {[%emt 0:05:54] unterminated} 13. Ng3 {[%emt 0:30:37] unterminated} Bb7 {[%emt 0:07:09] unterminated} 14. Bd3 {[%emt 0:05:28] unterminated} O-O-O $146 {[%emt 0:29:47] unterminated} ({Better is Predecessor:} 14... e5 $15 15. Nde2 (15. Ndf5 g6 16. Nxh6 d4 17. Bf2 Rxh6 {½-½ (60) Souza,L (2317)-Gonzalez Pereira,F (2396) ICCF email 2009}) 15... d4) 15. Qe2 {[%emt 0:05:23]} Nc5 {[%emt 0:02:00]} 16. Nb3 {[%emt 0:00:49] unterminated} dxe4 {[%emt 0:04:22] unterminated} 17. Nxe4 {[%emt 0:09:16] unterminated} Ncxe4 {[%emt 0:04:42]} (17... Nfxe4 $16 18. fxe4 (18. Bxe4 Nxe4 19. Rxd8+ Kxd8 $14) 18... Nxd3 19. cxd3 Kb8) 18. fxe4 {[%emt 0:00:23] unterminated} Nxe4 {[%emt 0:09:23] unterminated} 19. Bxe4 $2 {[%emt 0:04:42]} (19. Bxa6 $18 {and the rest is easy.} Rd5 20. Rxd5 exd5 21. Bxb7+ Qxb7 22. Na5) 19... Bxe4 {[%emt 0:02:29]} 20. Qxa6+ {[%emt 0:00:03]} Bb7 {[%emt 0:00:30]} 21. Rxd8+ {[%emt 0:00:24]} Qxd8 {[%emt 0:00:42]} 22. Qc4+ {[%emt 0:01:17]} Qc7 {[%emt 0:00:04] unterminated} 23. Qxc7+ {[%emt 0:00:19]} Kxc7 {[%emt 0:00:01]} 24. Rf1 {[%emt 0:00:35] unterminated} f6 {[%emt 0:04:20] unterminated} 25. Nc5 {[%emt 0:01:04]} Bd5 $15 {[%emt 0:01:09]} 26. h4 {[%emt 0:08:02]} Bd6 {[%emt 0:02:14]} 27. Nd3 {[%emt 0:01:27]} Kc6 {[%emt 0:03:56]} 28. b3 {[%emt 0:01:21]} e5 {[%emt 0:01:36]} 29. Bd2 {[%emt 0:00:46]} Kb5 {[%emt 0:02:17]} 30. Kb2 {[%emt 0:03:51]} Be6 {[%emt 0:01:11]} 31. c4+ {[%emt 0:00:49]} bxc3+ {[%emt 0:00:33]} 32. Bxc3 {[%emt 0:00:39]} Bxg4 {[%emt 0:02:03]} 33. a4+ {[%emt 0:00:11]} Kb6 {[%emt 0:03:18]} 34. Rg1 {[%emt 0:00:36]} h5 {[%emt 0:01:56]} 35. Nf2 {[%emt 0:00:51]} Bc5 {[%emt 0:01:36]} 36. Be1 {[%emt 0:01:19]} Rd8 {[%emt 0:00:46]} 37. Rg2 {[%emt 0:01:18]} f5 {[%emt 0:02:56]} 38. b4 {[%emt 0:00:49]} Be7 {[%emt 0:01:16]} 39. Nxg4 {[%emt 0:00:30]} hxg4 {[%emt 0:00:06]} 40. Bc3 {[%emt 0:00:36]} Bf6 {[%emt 0:01:52]} 41. Kc2 {[%emt 0:02:47]} e4 {[%emt 0:05:40]} 42. Bxf6 {[%emt 0:07:59]} gxf6 {[%emt 0:00:01]} 43. Kc3 {[%emt 0:01:08]} e3 {[%emt 0:02:33]} 44. a5+ {[%emt 0:10:17]} Kb5 {[%emt 0:01:51]} 45. a6 {[%emt 0:01:20]} Kxa6 {[%emt 0:01:15]} 46. h5 {[%emt 0:00:30]} f4 {[%emt 0:02:06]} 47. h6 {[%emt 0:06:13]} f3 {[%emt 0:03:05]} 48. Ra2+ {[%emt 0:00:29]} Kb7 {[%emt 0:00:35] normal Kd4} 0-1

[Event "DVM U16 2019"]
[Site "Magedburg"]
[Date "2019.12.30"]
[Round "7"]
[White "Bethke, Robert"]
[Black "Kotyk, Michael"]
[Result "1/2-1/2"]
[WhiteElo "2046"]
[BlackElo "2103"]
[Annotator "ChessBase"]
[PlyCount "53"]
[EventDate "2019.12.27"]
[EventType "team-tourn"]
[EventRounds "7"]
[EventCountry "GER"]
[SourceTitle "playchess.com"]
[Source "ChessBase"]
[SourceQuality "1"]
[WhiteTeam "SF Neuberg"]
[BlackTeam "Hamburger SK"]
[WhiteTeamCountry "GER"]
[BlackTeamCountry "GER"]
[TimeControl "40/5400+30:1800+30"]

1. c4 c5 2. Nc3 Nc6 3. g3 g6 4. Bg2 Bg7 5. Nf3 e5 6. d3 d6 7. a3 a5 8. Bd2 Nge7 9. Rb1 Rb8 10. e4 O-O 11. Nb5 f5 12. exf5 Bxf5 13. Be3 Nd4 14. Nbxd4 cxd4 15. Bg5 b5 16. Nh4 bxc4 17. Nxf5 Rxf5 18. Bxe7 Qxe7 19. Bd5+ Kh8 20. dxc4 e4 21. O-O e3 22. Qe2 exf2+ 23. Rxf2 Qe3 24. Qxe3 dxe3 25. Rxf5 gxf5 26. b4 e2 {normal} 27. Re1 {normal} 1/2-1/2